000 00302nam a2200109Ia 4500
008 230320s9999||||xx |||||||||||||| ||spa||
082 _a370.19/S21
100 _aSantibáñez Gruper, Rosa
245 0 _aIntervención Comunitaria Con Adolescentes Y Familias En Riesgo
260 _bGraó
942 _80
_cLIB
999 _c48503
_d48503